01356nam a2200277 a 450000100100000000500170001000800410002702000180006804000250008608200230011124500480013426000470018230000210022950000740025059000270032465000330035165000360038465000430042065000410046391000370050495201360054195201360067795201210081395201270093499900170106100002820520250430073846.0110407s2010 dr 001 0 spa d a9789945163810 aDO-SdBNPbspacBNPHU a158.1bP762r, 201000aPolaris :breflexiones sobre temas humanos. aSanto Domingo :bEdiciomes Polaris,c2010. a109 p. ;c21 cm. aTemas reproducidos del "Blog" www.relexionesdesdepolaris.blogspot.com aInventariado, 2018/MFF 4aTécnicas de autoayuda9387 4aReflexiones (filosofía)95464 0aAutorrealización (Psicología)9211 4aAutopercepción (filosofía)97168 aValidado. Control de calidad EMS 001054708DSaGRbGRcHDd2013-06-24iLF1l0o158.1 P762r, 2010p28205-40r2020-06-25te. 3w2020-06-25yLFDSZPréstamo en sala 001054708DSaGRbGRcHDd2013-06-24iLF1l0o158.1 P762r, 2010p28205-50r2020-06-25te. 4w2020-06-25yLFDSZPréstamo en sala 0010718PDaPDbPDcHDd2011-04-07iLF1l0o158.1 P762r, 2010p28205-10r2020-06-25w2020-06-25yLFPDZNo se presta 0010718PDaPDbPDcHDd2013-06-24iLF1l0o158.1 P762r, 2010p28205-30r2020-06-25te. 2w2020-06-25yLFPDZNo se presta c27697d27697